| 000 | 00824nam a2200181Ia 4500 | ||
|---|---|---|---|
| 008 | 090630s9999 xx 000 0 und d | ||
| 082 | _b14971 | ||
| 100 | _aक्षरिसागर रा. ना. | ||
| 245 |
_aवाहतूक सिद्धांत व विकास. _cक्षरिसागर रा. ना. |
||
| 260 |
_bमहाराष्ट्र विद्यापीठ ग्रंथनिर्मिती मंडळ - नागपूर. _c1979 |
||
| 300 | _a334 | ||
| 600 | _aक्षरिसागर रा. ना. | ||
| 630 | _aवाहतूक सिद्धांत व विकास. | ||
| 655 | _aइतर. | ||
| 700 | _aक्षरिसागर रा. ना. | ||
| 730 | _aवाहतूक सिद्धांत व विकास. | ||
| 942 | _cBOOK | ||
| 999 |
_c266827 _d266827 |
||